[Event "ISL-chT1 2122"]
[Site "Reykjavik"]
[Date "2021.10.02"]
[Round "3.2"]
[White "Arnason, Arni A"]
[Black "Halldorsson, Bragi"]
[Result "1/2-1/2"]
[WhiteElo "2127"]
[BlackElo "2079"]
[PlyCount "49"]
[EventDate "2021.09.30"]
[EventType "team-tourn"]
[EventRounds "10"]
[EventCountry "ISL"]
[SourceTitle "EXT 2022"]
[Source "ChessBase"]
[SourceDate "2021.10.06"]
[SourceVersion "1"]
[SourceVersionDate "2021.10.06"]
[SourceQuality "1"]
[WhiteTeam "Taflfelag Reykjavikur"]
[BlackTeam "Taflfelag Gardabaejar"]
[WhiteTeamCountry "ISL"]
[BlackTeamCountry "ISL"]

1. d4 Nf6 2. Nf3 d5 3. Bf4 Bf5 4. e3 e6 5. Bd3 Bg6 6. 0-0 Bd6 7. Bg5 Nbd7 8. c4 dxc4 9. Bxc4 c6 10. Nc3 0-0 11. Rc1 Re8 12. Qb3 b5 13. Be2 Qb6 14. Nh4 a6 15. Nxg6 hxg6 16. Bxf6 Nxf6 17. g3 Rac8 18. Bf3 c5 19. Na4 Qa7 20. Nxc5 Bxc5 21. dxc5 Rxc5 22. Rc2 Rec8 23. Rfc1 Nd7 24. Rxc5 Rxc5 25. Rd1 1/2-1/2

[Event "ISL-chT1 1920"]
[Site "Reykjavik"]
[Date "2019.10.06"]
[Round "5.3"]
[White "Arnason, Arni A"]
[Black "Thorsteinsdottir, Gudlaug"]
[Result "1-0"]
[WhiteElo "2098"]
[BlackElo "1976"]
[PlyCount "147"]
[EventDate "2019.10.03"]
[EventType "team-tourn"]
[EventRounds "9"]
[EventCountry "ISL"]
[SourceTitle "CBM 195 Extra"]
[Source "ChessBase"]
[SourceDate "2020.05.31"]
[SourceVersion "1"]
[SourceVersionDate "2020.05.31"]
[SourceQuality "1"]
[WhiteTeam "Taflfelag Reykjavikur II"]
[BlackTeam "Taflfelag Gardjabaejar"]
[WhiteTeamCountry "ISL"]
[BlackTeamCountry "ISL"]

1. d4 d5 2. Nf3 Nf6 3. c4 c6 4. Nc3 dxc4 5. a4 Bf5 6. e3 e6 7. Bxc4 Bb4 8. 0-0 Nbd7 9. h3 Bg6 10. Nh4 Bh5 11. Be2 Bxe2 12. Qxe2 g5 13. Nf3 g4 14. hxg4 Nxg4 15. e4 Qf6 16. d5 Nde5 17. Nxe5 Nxe5 18. dxc6 bxc6 19. Be3 Rg8 20. f3 Bd6 21. Rad1 Bc7 22. Nb5 Bb8 23. Nd6+ Kf8 24. Bc5 Nd7 25. Ba3 Kg7 26. f4 Kh8 27. b3 Bxd6 28. Rxd6 Qe7 29. Rfd1 Nf6 30. Bb2 Rg6 31. Rd7 Qe8 32. Qf2 Kg8 33. R7d4 c5 34. Rc4 Rd8 35. Qe2 Rxd1+ 36. Qxd1 Qb8 37. Be5 Qa8 38. Qd3 Qc8 39. b4 Nd7 40. Bb2 Qb7 41. b5 f5 42. Kf2 Nf6 43. Bxf6 Rxf6 44. Qd8+ Kg7 45. Rxc5 Rf7 46. Qd4+ Kg8 47. Rc6 fxe4 48. Qxe4 Qe7 49. Rxe6 Qh4+ 50. Kf3 Qh5+ 51. Ke3 Qc5+ 52. Ke2 Qh5+ 53. Qf3 Qf5 54. Re8+ Kg7 55. Qg3+ Kf6 56. Qc3+ Kg6 57. g3 Rf6 58. Kf2 Qd5 59. Qc2+ Kh6 60. Re1 Qd4+ 61. Kg2 Kg7 62. Qc7+ Kg6 63. Qc2+ Kg7 64. Re2 h5 65. Qe4 Qc3 66. Qf3 Qc4 67. Qxh5 Rg6 68. Qe5+ Kh7 69. Qe7+ Kh6 70. Qe4 Qc3 71. Qe3 Qc7 72. Kh3 Qb7 73. f5+ Rg5 74. Qe6+ 1-0

[Event "ISL-chT1 1819"]
[Site "Reykjavik"]
[Date "2019.03.02"]
[Round "8.1"]
[White "Halldorsson, Bragi"]
[Black "Arnason, Arni A"]
[Result "1/2-1/2"]
[WhiteElo "2124"]
[BlackElo "2103"]
[PlyCount "118"]
[EventDate "2018.11.08"]
[EventType "team-tourn"]
[EventRounds "9"]
[EventCountry "ISL"]
[SourceTitle "CBM 189 Extra"]
[Source "ChessBase"]
[SourceDate "2019.06.03"]
[SourceVersion "1"]
[SourceVersionDate "2019.06.03"]
[SourceQuality "1"]
[WhiteTeam "Skakfelagidj Huginn"]
[BlackTeam "Taflfelag Reykjavikur II"]
[WhiteTeamCountry "ISL"]
[BlackTeamCountry "ISL"]

1. d4 d5 2. c4 e6 3. Nc3 Be7 4. Bf4 Nf6 5. e3 0-0 6. Nf3 c5 7. Rc1 cxd4 8. exd4 Nc6 9. c5 Ne4 10. Bd3 f5 11. 0-0 g5 12. Be5 g4 13. Bxe4 dxe4 14. Nd2 Nxe5 15. dxe5 Qd4 16. Nb5 Qxe5 17. b4 Rd8 18. Nc4 Qf6 19. Qb3 Bd7 20. Nbd6 Bc6 21. Rfd1 Kg7 22. Ne3 a6 23. a4 Rab8 24. b5 axb5 25. axb5 Be8 26. Nec4 e5 27. Qb2 Bxd6 28. Nxd6 Qe6 29. Rd2 b6 30. Nxe8+ Qxe8 31. c6 Rd3 32. Rxd3 exd3 33. Qc3 Rd8 34. Rd1 Rd5 35. Rxd3 Rxb5 36. h3 Rc5 37. Rd7+ Kg6 38. Rd6+ Kg7 39. Qd2 f4 40. Qd3 Rxc6 41. Rd7+ Kf6 42. Rxh7 Rc1+ 43. Kh2 g3+ 44. fxg3 fxg3+ 45. Kxg3 Qg6+ 46. Qxg6+ Kxg6 47. Rb7 Kf5 48. Rxb6 Rc3+ 49. Kh4 e4 50. g4+ Kf4 51. Rf6+ Ke3 52. g5 Kd2 53. g6 e3 54. Re6 e2 55. Rxe2+ Kxe2 56. g7 Rc8 57. Kg5 Kf3 58. h4 Rg8 59. Kg6 Kg4 1/2-1/2

[Event "ISL-chT1 1819"]
[Site "Reykjavik"]
[Date "2018.11.10"]
[Round "3.1"]
[White "Kjartansson, David"]
[Black "Arnason, Arni A"]
[Result "1-0"]
[WhiteElo "2396"]
[BlackElo "2108"]
[PlyCount "73"]
[EventDate "2018.11.08"]
[EventType "team-tourn"]
[EventRounds "9"]
[EventCountry "ISL"]
[SourceTitle "CBM 187 Extra"]
[Source "ChessBase"]
[SourceDate "2018.11.04"]
[SourceVersion "1"]
[SourceVersionDate "2018.11.04"]
[SourceQuality "1"]
[WhiteTeam "Skakdeild Fjolnis"]
[BlackTeam "Taflfelag Reykjavikur II"]
[WhiteTeamCountry "ISL"]
[BlackTeamCountry "ISL"]

1. e4 e6 2. d4 d5 3. Nc3 Bb4 4. e5 Qd7 5. a3 Bxc3+ 6. bxc3 b6 7. Qg4 f5 8. Qg3 Ba6 9. Bxa6 Nxa6 10. a4 Nb8 11. a5 Nc6 12. axb6 cxb6 13. Ne2 Kf7 14. Nf4 Nge7 15. h4 Na5 16. h5 h6 17. Ba3 Rhe8 18. Rh3 Nc4 19. Bxe7 Rxe7 20. Qh4 a5 21. g4 fxg4 22. Rg3 a4 23. Rxg4 Ke8 24. Rg6 b5 25. Qg4 Ra6 26. Rxh6 Kd8 27. Rh8+ Kc7 28. Nd3 Ra7 29. Nc5 Qc6 30. Qf4 a3 31. Qf8 Kb6 32. Qb8+ Ka5 33. Nb3+ Ka4 34. Rc8 Rac7 35. Rxc7 Rxc7 36. Qf8 Nd6 37. Nc5+ 1-0

[Event "ISL-chT 1617"]
[Site "Reykjavik"]
[Date "2016.10.02"]
[Round "5.2"]
[White "Sigurjonsson, Stefan Thor"]
[Black "Arnason, Arni A"]
[Result "0-1"]
[WhiteElo "2102"]
[BlackElo "2103"]
[PlyCount "132"]
[EventDate "2016.09.29"]
[EventType "team-tourn"]
[EventRounds "9"]
[EventCountry "ISL"]
[SourceTitle "EXT 2018"]
[Source "ChessBase"]
[SourceDate "2017.10.13"]
[SourceVersion "1"]
[SourceVersionDate "2017.10.13"]
[SourceQuality "1"]
[WhiteTeam "Vikingaklubburinn"]
[BlackTeam "Bolungarvik"]
[WhiteTeamCountry "ISL"]
[BlackTeamCountry "ISL"]

1. e4 e6 2. d4 d5 3. e5 c5 4. c3 Nc6 5. Nf3 Qb6 6. Bd3 cxd4 7. cxd4 Bd7 8. Bc2 Nb4 9. 0-0 Nxc2 10. Qxc2 Rc8 11. Nc3 Ne7 12. Rd1 Nf5 13. Qd3 Be7 14. b3 h6 15. g4 Nh4 16. Nxh4 Bxh4 17. f4 Be7 18. Kg2 h5 19. g5 g6 20. Bd2 0-0 21. Rac1 Rc7 22. Nb1 Rfc8 23. Rxc7 Rxc7 24. Rc1 Rxc1 25. Bxc1 Qa5 26. Qd2 Bb4 27. Qc2 Qa6 28. Kf2 Bb5 29. Ke3 Bf1 30. a3 Be1 31. Bb2 Kg7 32. a4 Bh3 33. Qe2 Ba5 34. Nd2 Bxd2+ 35. Qxd2 Qb6 36. Qc3 Bf5 37. Ba3 Qa6 38. Qb4 Qd3+ 39. Kf2 Kh7 40. Bc1 Bg4 41. Qf8 Qc2+ 42. Kg3 Qxb3+ 43. Kf2 Qc2+ 44. Kg3 Qd3+ 45. Kf2 Qe2+ 46. Kg1 Qe1+ 47. Kg2 Qe4+ 48. Kf1 Qh1+ 49. Kf2 Qxh2+ 50. Kf1 Qe2+ 51. Kg1 Qd1+ 52. Kf2 Qc2+ 53. Kg3 Qd3+ 54. Kh2 Qe2+ 55. Kg1 Qd1+ 56. Kh2 Qc2+ 57. Kg3 Qd3+ 58. Kh2 Qf5 59. Kg1 h4 60. Ba3 Qb1+ 61. Kf2 Qc2+ 62. Kf1 Qd1+ 63. Kf2 Qxd4+ 64. Kg2 Qd2+ 65. Kg1 Qe1+ 66. Kg2 h3+ 0-1

[Event "ISL-chT 1415"]
[Site "Reykjavik"]
[Date "2014.10.05"]
[Round "5.4"]
[White "Arnason, Arni A"]
[Black "Thorgeirsson, Jon Kristinn"]
[Result "0-1"]
[WhiteElo "2124"]
[BlackElo "1975"]
[PlyCount "52"]
[EventDate "2014.10.02"]
[EventType "team-tourn"]
[EventRounds "9"]
[EventCountry "ISL"]
[SourceTitle "EXT 2015"]
[Source "ChessBase"]
[SourceDate "2014.11.20"]
[SourceVersion "1"]
[SourceVersionDate "2014.11.20"]
[SourceQuality "1"]
[WhiteTeam "Bolungarvik"]
[BlackTeam "Akureyri"]
[WhiteTeamCountry "ISL"]
[BlackTeamCountry "ISL"]

1. d4 Nf6 2. Nf3 e6 3. c4 d5 4. cxd5 exd5 5. Bg5 c6 6. Qc2 Be7 7. e3 Ne4 8. Bxe7 Qxe7 9. Bd3 f5 10. Nc3 0-0 11. 0-0 Be6 12. Ne5 Nd7 13. f4 Rf6 14. Na4 Nxe5 15. fxe5 Rg6 16. Rab1 Qg5 17. Qe2 h5 18. b4 h4 19. Bxe4 fxe4 20. Rf4 Bh3 21. Rf2 Bg4 22. Qd2 Bf3 23. Kh1 Qxg2+ 24. Rxg2 h3 25. Qe1 Rxg2 26. Nc5 Rg6# 0-1

[Event "ISL-chT 1213"]
[Site "Reykjavik"]
[Date "2012.10.06"]
[Round "2.4"]
[White "Halldorsson, Bragi"]
[Black "Arnason, Arni A"]
[Result "1-0"]
[WhiteElo "2183"]
[BlackElo "2138"]
[PlyCount "83"]
[EventDate "2012.10.05"]
[EventType "team-tourn"]
[EventRounds "7"]
[EventCountry "ISL"]
[SourceTitle "EXT 2013"]
[Source "ChessBase"]
[SourceDate "2012.11.22"]
[SourceVersion "1"]
[SourceVersionDate "2012.11.22"]
[SourceQuality "1"]
[WhiteTeam "Hellir"]
[BlackTeam "Taflfelag Bolungarvikur II"]
[WhiteTeamCountry "ISL"]
[BlackTeamCountry "ISL"]

1. d4 d5 2. Nf3 Nf6 3. c4 e6 4. g3 dxc4 5. Qa4+ Bd7 6. Qxc4 Bc6 7. Bg2 Be7 8. 0-0 0-0 9. Nc3 Nbd7 10. Qd3 Rc8 11. e4 b6 12. Rd1 Bb7 13. h4 Re8 14. e5 Nd5 15. Ng5 Nf8 16. Be4 Bxg5 17. Bxg5 Qd7 18. Qf3 Ba8 19. h5 h6 20. Bf6 Nxc3 21. Qg4 Ng6 22. bxc3 Bxe4 23. Qxe4 Ne7 24. Bxe7 Qxe7 25. c4 Rcd8 26. a4 a5 27. Qc6 Rc8 28. Rac1 Qg5 29. Qf3 Red8 30. c5 Rxd4 31. cxb6 Rxd1+ 32. Qxd1 Qe7 33. Qf3 c5 34. Qc3 Qb7 35. Qxa5 Rc6 36. Rb1 c4 37. Qb5 c3 38. Qxc6 Qxc6 39. b7 Qxa4 40. b8Q+ Kh7 41. Rc1 Qe4 42. Qb1 1-0

[Event "ISL-chT 1112"]
[Site "Reykjavik"]
[Date "2011.10.09"]
[Round "4.1"]
[White "Arnason, Arni A"]
[Black "Olafsson, David"]
[Result "1/2-1/2"]
[WhiteElo "2134"]
[BlackElo "2325"]
[PlyCount "95"]
[EventDate "2011.10.07"]
[EventType "team-tourn"]
[EventRounds "7"]
[EventCountry "ISL"]
[SourceTitle "EXT 2012"]
[Source "ChessBase"]
[SourceDate "2011.11.24"]
[SourceVersion "1"]
[SourceVersionDate "2011.11.24"]
[SourceQuality "1"]
[WhiteTeam "TB II"]
[BlackTeam "Hellir"]
[WhiteTeamCountry "ISL"]
[BlackTeamCountry "ISL"]

1. d4 Nf6 2. Nf3 d5 3. c4 c6 4. e3 e6 5. Nc3 Nbd7 6. Qc2 Bd6 7. Bd3 0-0 8. 0-0 dxc4 9. Bxc4 b5 10. Be2 a6 11. e4 e5 12. Bg5 exd4 13. Nxd4 Qc7 14. h3 Re8 15. a3 Be5 16. Nf5 Nc5 17. Bf3 Ne6 18. Be3 Bf4 19. Bxf4 Qxf4 20. e5 Ng5 21. Bxc6 Bxf5 22. Qc1 Qxc1 23. Raxc1 Nfe4 24. Nd5 Rad8 25. Bxe8 Rxd5 26. f4 Ng3 27. fxg5 Nxf1 28. Kxf1 Rxe5 29. Re1 Bd3+ 30. Kf2 Rf5+ 31. Ke3 Bc4 32. h4 g6 33. Bc6 Bd5 34. Rc1 Bxc6 35. Rxc6 a5 36. b4 axb4 37. axb4 Re5+ 38. Kd3 Rf5 39. Ke3 Re5+ 40. Kd3 Rf5 41. Rc5 Rf4 42. Rxb5 Rxh4 43. Rb8+ Kg7 44. b5 Rg4 45. b6 Rxg5 46. b7 Rb5 47. Kc4 Rb1 48. Kc5 1/2-1/2

[Event "ISL-chT2 1011"]
[Site "Reykjavik"]
[Date "2011.03.04"]
[Round "5.1"]
[White "Arnason, Arni A"]
[Black "Gardarsson, Halldor"]
[Result "1-0"]
[WhiteElo "2138"]
[BlackElo "1945"]
[PlyCount "97"]
[EventDate "2010.10.08"]
[EventType "team"]
[EventRounds "7"]
[EventCountry "ISL"]
[SourceTitle "EXT 2014"]
[Source "ChessBase"]
[SourceDate "2013.11.20"]
[SourceVersion "1"]
[SourceVersionDate "2013.11.20"]
[SourceQuality "1"]

1. d4 Nf6 2. Nf3 d5 3. c4 g6 4. Bf4 Bg7 5. e3 0-0 6. Nc3 c5 7. Qb3 cxd4 8. exd4 e6 9. c5 Ne4 10. Bd3 Nxc3 11. bxc3 Re8 12. 0-0 Nc6 13. Rfe1 Na5 14. Qb4 Nc6 15. Qb2 f6 16. Bd6 Bf8 17. Bg3 Qd7 18. Rab1 Qg7 19. c4 Qf7 20. cxd5 exd5 21. Rxe8 Qxe8 22. h3 Qf7 23. a4 a5 24. Re1 Nb4 25. Bb5 Bd7 26. Qb3 Bc6 27. Bf4 Qd7 28. Bxc6 bxc6 29. Re2 Re8 30. Rxe8 Qxe8 31. Bd2 Qb8 32. Ne1 Be7 33. Nd3 Bd8 34. Nxb4 Bc7 35. Qc3 axb4 36. Qxb4 Qa7 37. g3 Kf7 38. Kg2 Ke7 39. h4 Qa6 40. Qb3 Kf7 41. Qb4 h5 42. Qb3 Qa7 43. Qa3 f5 44. a5 Qa6 45. Qe3 Qb5 46. Qh6 Bxa5 47. Qh7+ Ke8 48. Qxg6+ Kd8 49. Qf6+ 1-0

[Event "ISL-chT 0405"]
[Site "Reykjavik"]
[Date "2005.03.04"]
[Round "5"]
[White "Bergsson, Stefan"]
[Black "Arnason, Arni A"]
[Result "1-0"]
[WhiteElo "2163"]
[BlackElo "2173"]
[PlyCount "59"]
[EventDate "2004.11.19"]
[EventType "team"]
[EventRounds "7"]
[EventCountry "ISL"]
[SourceTitle "EXT 2006"]
[Source "ChessBase"]
[SourceDate "2005.11.24"]
[SourceVersion "1"]
[SourceVersionDate "2005.11.24"]
[SourceQuality "1"]

1. d4 d5 2. c4 e6 3. Nc3 Be7 4. g4 a6 5. c5 e5 6. Bg2 e4 7. Qb3 c6 8. Bf4 h5 9. gxh5 Rxh5 10. e3 Bg5 11. Nge2 Bxf4 12. Nxf4 Rh6 13. 0-0-0 Ne7 14. Rhg1 g5 15. Nfe2 Rxh2 16. Bxe4 f6 17. Bg2 Qc7 18. e4 Be6 19. exd5 cxd5 20. Bxd5 Nxd5 21. Nxd5 Bxd5 22. Qxd5 Nd7 23. Qe6+ Kf8 24. Rde1 Re8 25. Qf5 b6 26. Kb1 bxc5 27. dxc5 Re5 28. Qg6 Rxf2 29. Rh1 Rexe2 30. Rh8+ 1-0

[Event "Reykjavik op"]
[Site "Reykjavik"]
[Date "1988.??.??"]
[Round "?"]
[White "Arnason, Arni A"]
[Black "Lagerman, Robert"]
[Result "0-1"]
[WhiteElo "2215"]
[BlackElo "2295"]
[PlyCount "82"]
[EventDate "1988.02.??"]
[EventType "swiss"]
[EventRounds "11"]
[EventCountry "ISL"]
[SourceTitle "TD"]
[Source "ChessBase"]
[SourceDate "1994.03.01"]
[SourceVersion "1"]
[SourceVersionDate "1994.03.01"]
[SourceQuality "1"]

1. d4 d5 2. c4 e6 3. g3 c5 4. Bg2 Nc6 5. Nf3 Nf6 6. 0-0 Be7 7. cxd5 exd5 8. e3 0-0 9. dxc5 Bxc5 10. Nbd2 Bb6 11. Nb3 Ne4 12. Nbd4 Bg4 13. Qb3 Rc8 14. Nxc6 bxc6 15. h3 Be6 16. Nd4 Bd7 17. Rd1 Qf6 18. Qc2 c5 19. Nb3 c4 20. Nd4 Ba4 21. Qxa4 Qxf2+ 22. Kh1 Nxg3+ 23. Kh2 Bc7 24. Qc2 Nf5+ 25. Kh1 Qg3 26. Bf1 Nxe3 27. Bxe3 Qxe3 28. Bg2 Rce8 29. Nf3 Qf4 30. Rd4 Re4 31. Rad1 Rfe8 32. Qd2 Qg3 33. Rxe4 dxe4 34. Qe1 Qf4 35. Qh4 exf3 36. Qxf4 fxg2+ 37. Kxg2 Bxf4 38. Kf3 Be5 39. b3 c3 40. h4 c2 41. Rc1 Rc8 0-1

[Event "Reykjavik op"]
[Site "Reykjavik"]
[Date "1988.??.??"]
[Round "?"]
[White "Solmundarson, Magnus"]
[Black "Arnason, Arni A"]
[Result "1-0"]
[WhiteElo "2270"]
[BlackElo "2215"]
[PlyCount "123"]
[EventDate "1988.02.??"]
[EventType "swiss"]
[EventRounds "11"]
[EventCountry "ISL"]
[SourceTitle "TD"]
[Source "ChessBase"]
[SourceDate "1994.03.01"]
[SourceVersion "1"]
[SourceVersionDate "1994.03.01"]
[SourceQuality "1"]

1. d4 e6 2. Nf3 d5 3. c4 Nf6 4. cxd5 exd5 5. Bg5 h6 6. Bxf6 Qxf6 7. Nc3 c6 8. e3 Bd6 9. Bd3 Bg4 10. h3 Bh5 11. g4 Bg6 12. Bxg6 fxg6 13. Nd2 Nd7 14. Qf3 Qh4 15. Qg2 Rf8 16. Rf1 0-0-0 17. 0-0-0 Rde8 18. Rde1 Qf6 19. Kb1 Bb4 20. Rc1 Kb8 21. a3 Bd6 22. Rce1 g5 23. f3 Qg6+ 24. Ka2 Nb6 25. Rf2 Qd3 26. Nd1 Re7 27. Qf1 Qg6 28. Qg2 Qd3 29. Qf1 Qg6 30. Qg2 Rfe8 31. e4 Bf4 32. Nc3 Qf6 33. Nb3 Nc4 34. Rfe2 Nb6 35. exd5 Nxd5 36. Nxd5 cxd5 37. Rxe7 Rxe7 38. Rxe7 Qxe7 39. Qc2 a6 40. Qf5 Qd6 41. Qf7 b6 42. Qg8+ Kb7 43. Qxg7+ Kb8 44. Qg8+ Kb7 45. Qh7+ Kb8 46. Qd3 Kb7 47. Na1 a5 48. Nc2 Qe6 49. a4 Qd7 50. Qb3 Qe6 51. Na3 Bd6 52. Nb5 Bb4 53. Qc2 Qf7 54. Qe2 Kb8 55. Qe5+ Kb7 56. Qd6 Bd2 57. Qxh6 Bf4 58. Qxg5 Bg3 59. Nc3 Qxf3 60. Qxd5+ Qxd5+ 61. Nxd5 Kc6 62. Nc3 1-0